Drive By - Train (Lyrics) - Statistics

General Stats
  • This quiz has been taken 71 times
  • The average score is 318 of 407
Answer Stats
Lyrics % Correct
a
100%
I
100%
by
98%
the
98%
the,
98%
drive
96%
to
96%
To
96%
you
96%
You
96%
you,
96%
be
94%
is
94%
me
94%
me,
94%
not
92%
for
90%
Oh,
90%
there
90%
this
90%
This
90%
On
88%
do
86%
I'll
86%
of
86%
that
86%
Fe
84%
like
84%
just
82%
Just
82%
move
82%
other
82%
side
82%
street
80%
swear
80%
When
80%
when
80%
But
78%
but
78%
can't
78%
knew
78%
love
78%
one
78%
true
78%
true,
78%
and
76%
And
76%
away
76%
every
76%
from
76%
get
76%
girl
76%
L.A.,
76%
night,
76%
déjà
74%
guy,
74%
it
74%
looking
74%
west
74%
don't
72%
everything
72%
looked
72%
New
72%
They
72%
vu
72%
was
72%
as
70%
groovy
70%
hell
70%
Santa
70%
York
70%
guess
68%
overwhelmed,
68%
scared
68%
than
68%
that's
68%
way
68%
fell
66%
more
66%
"More
66%
moved
66%
my
66%
My
66%
really
66%
shy
66%
Stood
66%
thought
66%
wherever,
66%
'cause
64%
didn't
62%
Because
58%
leave
58%
or
58%
Or
58%
right
56%
need
54%
too
54%
frankly
52%
still
52%
sue
52%
hold
50%
through
46%
highlight
44%
all
42%
down
42%
here
42%
Please
42%
So
42%
There's
42%
went
42%
been?"
40%
believe
40%
"How
40%
nothing
40%
two-ply
40%
viral
40%
are
38%
came
38%
Hefty
38%
time
38%
friends"
36%
bag
34%
mile
34%
now
34%
up
34%
again
32%
at
32%
downward
32%
drove
32%
head
32%
loved
32%
sleeve
32%
spiral
32%
last
30%
little
30%
together
30%
let's
28%
skip
28%
until
28%
upside
16%
mhmm
6%
No matching quizzes found
Score Distribution
Percent of People with Each Score
Percentile by Number Answered
Your Score History
You have not taken this quiz